000 00967cam a22002173i 4500
001 155231
003 ES-MaACL
005 20250730153548.0
008 021210m18551857xxka |||| | eng d
040 _aEUS
_bspa
_cEUS
_dCCPB | CAM
100 1 _aHelps, Arthur.
_962476
245 1 4 _aThe Spanish Conquest in America
_b: and its relation to the history of slavery and to the covernment of colonies /
_cby Arthur Helps.
260 _aLondon :
_bJohn W. Parker and Son,
_c1855-1857 (
_fSavill and Edwards)
300 _a3 v. :
_bmap. ;
_c23 cm.
596 1 _aGrab. en port.
597 1 _aT.I. 1855 (XV, 528 p.) -- T.II. 1855 (VII, 526 p.) -- T. III 1857 (VII, 584 p.)
651 4 _aAmérica española-
_xHistoria-
_y1492-1600 (Descubrimiento y conquista)
_97724
752 _aGran Bretaña -
_dLondrés
852 _aES-MaACL
_jG-13180-13182
_z-- Enc. ed. en tela
_z-- El último t. lleva al final 8 p. con el catálogo de la editorial
999 _c155231
_d155231